| 000 | 00652cam a22002291 4500 | ||
|---|---|---|---|
| 001 | 0000004884 | ||
| 005 | 20170406120159.0 | ||
| 008 | 730122s1959 xx 000 0 eng | ||
| 010 | _a 59009071 | ||
| 015 | _aGB59-8504 | ||
| 035 | _9(DLC) 59009071 | ||
| 035 | _a(OCoLC)544129 | ||
| 040 |
_aDLC _cODaWU _dUk _dDLC |
||
| 042 | _aemarc=LC PreMARC Retrospective Conversion Project | ||
| 050 | 0 | 0 |
_aQD453 _b.H88 |
| 100 | 1 | _aHutchinson, Eric. | |
| 245 | 1 | 0 | _aElectrons, elements, and compounds. |
| 260 |
_aPhiladelphia : _bSaunders, _c1959. |
||
| 300 | _a552 p. | ||
| 650 | 0 | _aChemistry, Physical and theoretical. | |
| 908 | _a141125 | ||
| 999 |
_c4694 _d4694 |
||